LEADER 01297nam 2200337 n 450 001 996385200103316 005 20221108103142.0 035 $a(CKB)4940000000066559 035 $a(EEBO)2240894820 035 $a(UnM)99849237 035 $a(EXLCZ)994940000000066559 100 $a19920128d1616 uy | 101 0 $aeng 135 $aurbn||||a|bb| 200 14$aThe burthen of a loaden conscience: or the misery of sinne: Set forth by the confession of a miserable sinner$b[electronic resource] 205 $aThe sixt impression. 210 $a[Cambridge] $cPrinted by Cantrell Legge, printer to the Vniuersitie of Cambridge. 1616. And are to be sold [in London] by Matthevv Lavv in Pauls Church-yard at the signe of the Foxe$d[1616] 215 $a[6], 96 p 300 $aBookseller's location from STC. 300 $aDedication signed: Richard Kilby. 300 $aReproduction of the original in the Bodleian Library. 330 $aeebo-0014 700 $aKilby$b Richard$fd. 1617.$01006882 801 0$bCu-RivES 801 1$bCu-RivES 801 2$bCStRLIN 801 2$bWaOLN 906 $aBOOK 912 $a996385200103316 996 $aThe burthen of a loaden conscience: or the misery of sinne: Set forth by the confession of a miserable sinner$92320918 997 $aUNISA LEADER 01197nam0 22003373i 450 001 CFI0179154 005 20251003044130.0 010 $a8814023352 100 $a20130827d1990 ||||0itac50 ba 101 | $aita 102 $ait 181 1$6z01$ai $bxxxe 182 1$6z01$an 200 1 $aˆLe ‰tasse di concessione comunale$fSilla di Ciaccia 210 $aMilano$cA. Giuffrè$dstampa 1990 215 $aXIII, 461 p.$d23 cm. 225 | $aFinanza locale 410 0$1001CFI0166794$12001 $aFinanza locale 606 $aTasse sulle concessioni comunali$2FIR$3SBLC134107$9I 676 $a343.05$9DIRITTO RELATIVO A SPECIFICI TIPI D'IMPOSTA.$v12 676 $a343.4505$9$v21 676 $a343.45055$9IMPOSTE INDIRETTE. ITALIA$v21 700 1$aDi Ciaccia$b, Silla$3CFIV065450$4070$0411025 801 3$aIT$bIT-000000$c20130827 850 $aIT-BN0095 901 $bNAP 01$cD $n$ 912 $aCFI0179154 950 0$aBiblioteca Centralizzata di Ateneo$c1 v.$d 01D (AR) 8 602$e 01AR 0070086025 VMA 1 v.$fY $h20151019$i20151019 977 $a 01 996 $aTasse di concessione comunale$962665 997 $aUNISANNIO